000 00620nam a2200193Ia 4500
003 OSt
005 20250612122733.0
008 210210b1985 xxu||||| |||| 00| 0 eng d
040 _cAL
041 _aKannada
082 _aK894.109 TIPP
100 _aTIPPERUDRASVAMI (H)
_9184442
_dತಿಪ್ಪೇರುದ್ರಸ್ವಾಮಿ (ಹೆಚ್)
245 _aPashchatya Mahakavyagalu
_bಪಾಶ್ಚತ್ಯ ಮಹಾಕಾವ್ಯಗಳು
260 _aMaisuru
_bPrasaranga Vishvavidyanilaya
_c1985
300 _axxvi,400
690 _aKannada Poetry Criticism
_9184443
906 _a040645
942 _2ddc
_cBK
999 _c90763
_d90763